Spying on whales : the past, present and future of the world's largest animals
| Main Author: | |
|---|---|
| Format: | Book |
| Published: |
London :
William Collins ,
2019
|
| Subjects: |
MARC
| LEADER | 00000cam a2200000 7i4500 | ||
|---|---|---|---|
| 001 | 0000242543 | ||
| 005 | 20201204104902.0 | ||
| 020 | |a 9780008244507 | ||
| 090 | 0 | 0 | |a 599.5 |b PYE |
| 100 | 1 | |a Pyenson, Nick | |
| 245 | 1 | 0 | |a Spying on whales : |b the past, present and future of the world's largest animals |c Nick Pyenson |
| 260 | |a London : |b William Collins , |c 2019 | ||
| 300 | |a 322p. ; |c 20cm. | ||
| 650 | 0 | |a Whales, Fossil | |
| 650 | 0 | |a Whales |x Evolution | |
| 999 | |a 00380766 |b BUKU |c PINJAMAN |e PERPUSTAKAAN KOMUNITI PETALING JAYA | ||